Les pays ayant participer à la deuxième guerre mondiale - Statistiques

Statistiques générales
  • Ce quiz a été pris 162 fois
    46 depuis la dernière actualisation
  • Le résultat moyen est 9 sur 21
Answers on the Grid
Answers color-coded by a green-red scale on the quiz's grid according to % correct below.
Allemagne
URSS
France
Portugal
Espagne
Finlande
Chine
Japon
Turquie
Nouvelle-Zélande
Yugoslavia
Iran
Irak
Canada
Grèce
Liechtenstein
Suisse
Italie
Éthiopie
Liberia
Suède
Yemen
Thailande
Irlande
Danemark
Estonie
Lituanie
Lettonie
Albanie
Afghanistan
Chine Communiste
 
Statistiques - réponses
Réponse % Correct
Allemagne
100%
France
95%
URSS
95%
Japon
73%
Italie
59%
Canada
50%
Chine
50%
Finlande
50%
Grèce
45%
Chine Communiste
41%
Yugoslavia
36%
Estonie
32%
Lettonie
32%
Lituanie
32%
Albanie
27%
Danemark
27%
Nouvelle-Zélande
23%
Éthiopie
14%
Thailande
14%
Iran
9%
Irak
5%
Aucun quiz correspondant
Distribution des résultats
% des personnes avec chaque résultat
Percentile par nombre de réponses
Votre historique - résultats
Vous n’avez pas pris ce quiz depuis la dernière actualisation